Hỏi-đáp về lịch sử Đảng Cộng Sản Việt Nam

Na minha lista:
Detalhes bibliográficos
Autor principal: Bùi, Kim Đỉnh
Formato: Livro
Idioma:Undetermined
Publicado em: Hà Nội Đại học quốc gia Hà Nội 2005
Assuntos:
Tags: Adicionar Tag
Sem tags, seja o primeiro a adicionar uma tag!
Thư viện lưu trữ: Trung tâm Học liệu Trường Đại học Cần Thơ
LEADER 00660nam a2200205Ia 4500
001 CTU_74290
008 210402s9999 xx 000 0 und d
020 |b 14500 
082 |a 324.2597075 
082 |b Đ312 
100 |a Bùi, Kim Đỉnh 
245 0 |a Hỏi-đáp về lịch sử Đảng Cộng Sản Việt Nam 
245 0 |c Bùi Kim Đỉnh, Nguyễn Quốc Bảo 
260 |a Hà Nội 
260 |b Đại học quốc gia Hà Nội 
260 |c 2005 
650 |a Communist parties,Political parties 
650 |z Vietnam,Vietnam 
904 |i Tuyến, Qhieu 
980 |a Trung tâm Học liệu Trường Đại học Cần Thơ